LDR 01047nam a2200229 4500 001 000000367103 003 CaOOAMICUS 005 20260402151742.0 008 260401s2026 it a 000 u ita r 040 $aSeMil$bita 245 00$aRicordiamo Ezia Fiorentino nel 17° anniversario della morte. 264 1$aMilano :$bMissionarie del sacerdozio regale di Cristo,$c2026. 300 $a24 p. :$bill. ;$c21 cm 500 $aDietro il front.: Milano, 15 marzo 2026 Celebrazione Eucaristica nel 17° anniversario della morte di Ezia Fiorentino 600 14$aFiorentino, Ezia <1911-2009>.$0(OLS)http://semarc/subject/36841 850 $aSeMil 852 $aSeMil$W1$xVenegono$y1$m5C VIII 10/31$j270126$B257832$CSeMilBibl$Z2$F257832 $81 941 1 $a7 961 $aOmaggio mons. Mario Delpini 996 $6245$aRicordiamo Ezia Fiorentino nel 17° anniversario della morte$9(OLS)http://semarc/title/458956 996 $6264$aMilano :$bMissionarie del sacerdozio regale di Cristo$9(OLS)http://semarc/publisher/52663